000 00868nam a2200265Ia 4500
003 OSt
005 20220912151114.0
006 a|||||r|||| 00| 0
007 ta
008 220909b |||||||| |||| 00| 0 eng d
024 _a56274
037 _cTextual
040 _aCSL
_beng
_cCSL
041 _aeng
082 _aL.2,e4.N6s, K7
100 _aApplied Manpower Research (Institute of-)
245 0 _aProceeding on Development of modern medical education in India and student wastage in medical colleges
260 _aNew Delhi
_b IAMR
_c1967
300 _avvi, 73p.
_ccm.
490 _aIAMR report : Health and medical manpower
500 _aBibliography'' p.
_ccm.45-47; Appendix (p.
_ccm.48-73)
650 _aMedicine
942 _hL.2,e4.N6s, K7
_cTEXL
_2CC
999 _c61325
_d61325